000
00395nam a2200133Ia 4500
008
100328s9999 xx 000 0 und d
082
_b
19031
100
_a
सरदेसाई लक्ष्मणराव
245
_a
लक्ष्मण-रेषा
260
_b
---
630
_a
लक्ष्मण-रेषा
730
_a
लक्ष्मण-रेषा
942
_c
BOOK
999
_c
513382
_d
513379